[Event "FICGS W-ch st1 gN 02 email"]
[Site "FICGS email"]
[Date "2018.11.01"]
[Round "1"]
[White "Bakhmatov, Andrey"]
[Black "Drozdovas, Arturas"]
[Result "1/2-1/2"]
[WhiteElo "2200"]
[BlackElo "2223"]
[PlyCount "65"]
[EventDate "2018.??.??"]
[EventType "tourn (corr)"]
[EventRounds "6"]
[SourceTitle "Corr 2022"]
[Source "ChessBase"]
[SourceDate "2021.10.24"]
[SourceVersion "1"]
[SourceVersionDate "2021.10.24"]
[SourceQuality "1"]

1. e4 e5 2. Nf3 Nc6 3. Bb5 a6 4. Ba4 Nf6 5. 0-0 Nxe4 6. d4 b5 7. Bb3 d5 8. dxe5 Be6 9. Qe2 Nc5 10. Rd1 Nxb3 11. axb3 Be7 12. c4 b4 13. Nbd2 0-0 14. Nf1 Qd7 15. Bg5 Rfd8 16. h3 h6 17. cxd5 Bxd5 18. Ne3 Bxf3 19. Qxf3 Qe6 20. Bxe7 Nxe5 21. Qg3 Qxe7 22. Nf5 Qf6 23. Nxh6+ Kf8 24. Ng4 Rxd1+ 25. Rxd1 Nxg4 26. Qxg4 a5 27. Rd5 Qxb2 28. Qc4 Qa1+ 29. Kh2 Qc3 30. Qxc3 bxc3 31. Rc5 Ra7 32. Rxc3 Ke7 33. Kg3 1/2-1/2

[Event "FICGS class A 000197 email"]
[Site "FICGS email"]
[Date "2018.09.28"]
[Round "1"]
[White "Duttagupta, Aniruddha"]
[Black "Drozdovas, Arturas"]
[Result "0-1"]
[WhiteElo "2140"]
[BlackElo "2221"]
[PlyCount "62"]
[EventDate "2018.??.??"]
[EventType "tourn (corr)"]
[EventRounds "6"]
[SourceTitle "Corr 2022"]
[Source "ChessBase"]
[SourceDate "2021.10.24"]
[SourceVersion "1"]
[SourceVersionDate "2021.10.24"]
[SourceQuality "1"]

1. d4 d5 2. c4 e6 3. Nc3 c6 4. e3 Nf6 5. Nf3 Nbd7 6. Qc2 Bd6 7. Bd3 0-0 8. 0-0 dxc4 9. Bxc4 b5 10. Be2 Bb7 11. e4 e5 12. dxe5 Nxe5 13. Nh4 g6 14. f4 Bc5+ 15. Kh1 Neg4 16. g3 Re8 17. e5 b4 18. Nd1 Bd4 19. Bf3 Qb6 20. exf6 Ba6 21. Qg2 Nxf6 22. f5 Re7 23. Bg5 Rae8 24. Nf2 Bxf1 25. Rxf1 Qa6 26. fxg6 hxg6 27. Bd2 c5 28. g4 Be3 29. Bxe3 Rxe3 30. Qg1 g5 31. Bg2 gxh4 0-1

[Event "FICGS class A 000197 email"]
[Site "FICGS email"]
[Date "2018.09.28"]
[Round "1"]
[White "Garcia, Crisol"]
[Black "Drozdovas, Arturas"]
[Result "0-1"]
[WhiteElo "2000"]
[BlackElo "2221"]
[PlyCount "88"]
[EventDate "2018.??.??"]
[EventType "tourn (corr)"]
[EventRounds "6"]
[SourceTitle "Corr 2022"]
[Source "ChessBase"]
[SourceDate "2021.10.24"]
[SourceVersion "1"]
[SourceVersionDate "2021.10.24"]
[SourceQuality "1"]

1. d4 d5 2. Nf3 Nf6 3. Nc3 e6 4. Bf4 Bb4 5. Bg5 Nbd7 6. e3 c5 7. Bb5 Bxc3+ 8. bxc3 Qa5 9. Bxd7+ Bxd7 10. 0-0 Ne4 11. c4 f6 12. Bh4 g5 13. Nxg5 fxg5 14. Qh5+ Kd8 15. Bxg5+ Nxg5 16. Qxg5+ Kc8 17. cxd5 Qd8 18. Qe5 exd5 19. dxc5 Rg8 20. g3 Qg5 21. Qc3 Qf5 22. Rfd1 Rf8 23. Rd2 Bc6 24. Rb1 a5 25. Qg7 Kb8 26. Rb6 Rf7 27. Qb2 Qf6 28. Qd4 Kc7 29. Rb3 a4 30. Rbd3 Qxd4 31. exd4 Re8 32. Kg2 Bd7 33. h3 h5 34. Rc3 Rfe7 35. Ra3 Re2 36. Rxe2 Rxe2 37. c3 Rc2 38. g4 hxg4 39. hxg4 Bxg4 40. Rxa4 Rxc3 41. Rb4 Rc4 42. a3 Rc3 43. Rb6 Rd3 44. Rb4 Rxa3 0-1

[Event "FICGS rapid A 000224 email"]
[Site "FICGS email"]
[Date "2018.09.27"]
[Round "1"]
[White "Drozdovas, Arturas"]
[Black "Foster, Duncan"]
[Result "1-0"]
[WhiteElo "2221"]
[BlackElo "1940"]
[PlyCount "57"]
[EventDate "2018.??.??"]
[EventType "tourn (rapid)"]
[EventRounds "6"]
[SourceTitle "Corr 2022"]
[Source "ChessBase"]
[SourceDate "2021.10.24"]
[SourceVersion "1"]
[SourceVersionDate "2021.10.24"]
[SourceQuality "1"]

1. d4 f5 2. g3 g6 3. h4 Bg7 4. h5 c5 5. dxc5 Qa5+ 6. c3 Qxc5 7. hxg6 hxg6 8. Be3 Qb5 9. Rxh8 Bxh8 10. Qc2 Nc6 11. Bg2 Nf6 12. Na3 Qa6 13. Nh3 Ng4 14. Qb3 e6 15. Bc5 d5 16. Nb5 Be5 17. a4 Na5 18. Qb4 Nc6 19. Qa3 Bd7 20. f4 Bb8 21. Ng5 b6 22. Bd6 Ne3 23. Bxb8 Nc2+ 24. Kf2 Nxa3 25. Nc7+ Kd8 26. Nxa6 Nxb8 27. Nxb8 Rxb8 28. Rxa3 Ke7 29. Nf3 1-0

[Event "FICGS rapid A 000224 email"]
[Site "FICGS email"]
[Date "2018.09.27"]
[Round "1"]
[White "Sternik, Ryszard"]
[Black "Drozdovas, Arturas"]
[Result "1/2-1/2"]
[WhiteElo "2060"]
[BlackElo "2221"]
[PlyCount "37"]
[EventDate "2018.??.??"]
[EventType "tourn (rapid)"]
[EventRounds "6"]
[SourceTitle "Corr 2022"]
[Source "ChessBase"]
[SourceDate "2021.10.24"]
[SourceVersion "1"]
[SourceVersionDate "2021.10.24"]
[SourceQuality "1"]

1. e4 e5 2. Nf3 Nc6 3. Bb5 a6 4. Ba4 Nf6 5. 0-0 Nxe4 6. d4 b5 7. Bb3 d5 8. dxe5 Be6 9. c3 Be7 10. Bc2 Bg4 11. h3 Bh5 12. Bb3 Nxe5 13. Qxd5 Nxf3+ 14. gxf3 Nf6 15. Qc6+ Nd7 16. Rd1 Rb8 17. Qd5 Nf6 18. Qc6+ Nd7 19. Qd5 1/2-1/2

[Event "FICGS W-ch st2 g01 email"]
[Site "FICGS email"]
[Date "2017.07.19"]
[Round "1"]
[White "Drozdovas, Arturas"]
[Black "Munoz Portugal, Guillermo"]
[Result "1/2-1/2"]
[WhiteElo "2148"]
[BlackElo "2140"]
[PlyCount "49"]
[EventDate "2017.??.??"]
[EventType "tourn (corr)"]
[EventRounds "8"]
[SourceTitle "Corr 2022"]
[Source "ChessBase"]
[SourceDate "2021.10.24"]
[SourceVersion "1"]
[SourceVersionDate "2021.10.24"]
[SourceQuality "1"]

1. d4 Nf6 2. c4 e6 3. Nf3 d5 4. Nc3 Bb4 5. Bg5 Nbd7 6. e3 h6 7. Bh4 c5 8. cxd5 exd5 9. Bd3 c4 10. Bf5 Bxc3+ 11. bxc3 0-0 12. 0-0 Re8 13. a4 Qa5 14. Qc2 Ne4 15. Bxe4 Rxe4 16. Rfb1 Qa6 17. Bg3 Re8 18. a5 Nf6 19. Nd2 Bd7 20. Be5 Ng4 21. Nf3 Nxe5 22. Nxe5 Rad8 23. Nxd7 Rxd7 24. h3 Ree7 25. Qf5 1/2-1/2

[Event "FICGS W-ch st2 g01 email"]
[Site "FICGS email"]
[Date "2017.07.19"]
[Round "1"]
[White "Fric, Lubos"]
[Black "Drozdovas, Arturas"]
[Result "1/2-1/2"]
[WhiteElo "2218"]
[BlackElo "2148"]
[PlyCount "52"]
[EventDate "2017.??.??"]
[EventType "tourn (corr)"]
[EventRounds "8"]
[SourceTitle "Corr 2022"]
[Source "ChessBase"]
[SourceDate "2021.10.24"]
[SourceVersion "1"]
[SourceVersionDate "2021.10.24"]
[SourceQuality "1"]

1. e4 e5 2. Nf3 Nc6 3. Bb5 Nf6 4. d3 Bc5 5. c3 0-0 6. 0-0 d6 7. Ba4 a6 8. Re1 b5 9. Bc2 Bb6 10. Nbd2 Ng4 11. Re2 Be6 12. Nb3 Nf6 13. a4 Re8 14. h3 Ne7 15. d4 Ng6 16. Be3 Qc8 17. Nbd2 c5 18. d5 Bd7 19. Re1 Qc7 20. Nf1 h6 21. N3d2 c4 22. Qf3 Bxe3 23. Nxe3 Reb8 24. Ra3 Qd8 25. Rea1 Qc8 26. Qe2 Nf4 1/2-1/2

[Event "FICGS W-ch st1 gN 01 email"]
[Site "FICGS email"]
[Date "2017.07.01"]
[Round "1"]
[White "Drozdovas, Arturas"]
[Black "Dialfonso, Darren"]
[Result "1/2-1/2"]
[WhiteElo "2148"]
[BlackElo "2169"]
[PlyCount "45"]
[EventDate "2017.??.??"]
[EventType "tourn (corr)"]
[EventRounds "6"]
[SourceTitle "Corr 2022"]
[Source "ChessBase"]
[SourceDate "2021.10.24"]
[SourceVersion "1"]
[SourceVersionDate "2021.10.24"]
[SourceQuality "1"]

1. d4 Nf6 2. c4 g6 3. f3 Bg7 4. e4 d6 5. Nc3 0-0 6. Bg5 a6 7. Qd2 c5 8. d5 Qa5 9. a4 e6 10. Nge2 exd5 11. cxd5 Nbd7 12. Ng3 Ne5 13. Be2 c4 14. Ra3 Qb4 15. a5 b6 16. axb6 Nfd7 17. 0-0 a5 18. Be3 Nc5 19. f4 Ned7 20. Ra2 a4 21. Kh1 Qxb6 22. Bxc4 Qb4 23. Qe2 1/2-1/2

[Event "FICGS W-ch st1 gN 01 email"]
[Site "FICGS email"]
[Date "2017.07.01"]
[Round "1"]
[White "Drozdovas, Arturas"]
[Black "Hamby, Stephen"]
[Result "1/2-1/2"]
[WhiteElo "2148"]
[BlackElo "2192"]
[PlyCount "55"]
[EventDate "2017.??.??"]
[EventType "tourn (corr)"]
[EventRounds "6"]
[SourceTitle "Corr 2022"]
[Source "ChessBase"]
[SourceDate "2021.10.24"]
[SourceVersion "1"]
[SourceVersionDate "2021.10.24"]
[SourceQuality "1"]

1. e4 c5 2. Nf3 d6 3. d4 cxd4 4. Nxd4 Nf6 5. Nc3 a6 6. Be3 e5 7. Nb3 Be7 8. Be2 Be6 9. Qd3 0-0 10. 0-0 Nbd7 11. Nd5 Bxd5 12. exd5 Ne8 13. a4 f5 14. f4 Rc8 15. fxe5 Nxe5 16. Qd2 g6 17. Nd4 Ng7 18. Rae1 Bf6 19. b3 Nd7 20. a5 Nc5 21. Bf3 Re8 22. Bf2 Re5 23. Ne6 Ncxe6 24. dxe6 Qe7 25. c4 Nxe6 26. Rd1 Rd8 27. Bg3 Kg7 28. Bd5 1/2-1/2

[Event "FICGS W-ch st1 gN 01 email"]
[Site "FICGS email"]
[Date "2017.07.01"]
[Round "1"]
[White "Gray, Garvin"]
[Black "Drozdovas, Arturas"]
[Result "1/2-1/2"]
[WhiteElo "2177"]
[BlackElo "2148"]
[PlyCount "55"]
[EventDate "2017.??.??"]
[EventType "tourn (corr)"]
[EventRounds "6"]
[SourceTitle "Corr 2022"]
[Source "ChessBase"]
[SourceDate "2021.10.24"]
[SourceVersion "1"]
[SourceVersionDate "2021.10.24"]
[SourceQuality "1"]

1. e4 e5 2. Nf3 Nc6 3. Bb5 Nf6 4. 0-0 Nxe4 5. Re1 Nd6 6. Nxe5 Be7 7. Bf1 Nxe5 8. Rxe5 0-0 9. d4 Bf6 10. Re1 Re8 11. c3 Rxe1 12. Qxe1 Ne8 13. Bf4 d5 14. Nd2 Bf5 15. Qe3 c6 16. h3 Nd6 17. g4 Bc2 18. Rc1 Bg6 19. Re1 a5 20. Nf3 h6 21. Ne5 Bh7 22. Bd3 a4 23. Bxh7+ Kxh7 24. Nf3 Ne4 25. Nd2 Nxd2 26. Qxd2 b5 27. Qd3+ Kg8 28. Kg2 1/2-1/2

[Event "FICGS class C 000254 email"]
[Site "FICGS email"]
[Date "2017.01.14"]
[Round "1"]
[White "Balosetti, Davide"]
[Black "Drozdovas, Arturas"]
[Result "0-1"]
[WhiteElo "2000"]
[BlackElo "2091"]
[PlyCount "52"]
[EventDate "2017.??.??"]
[EventType "tourn (corr)"]
[EventRounds "1"]
[SourceTitle "Corr 2022"]
[Source "ChessBase"]
[SourceDate "2021.10.24"]
[SourceVersion "1"]
[SourceVersionDate "2021.10.24"]
[SourceQuality "1"]

1. e4 e5 2. Nf3 Nc6 3. Bc4 Nf6 4. Nc3 Nxe4 5. Bxf7+ Kxf7 6. Nxe4 d5 7. Neg5+ Kg8 8. h4 h6 9. Nh3 Bg4 10. d3 e4 11. dxe4 dxe4 12. Qxd8 Rxd8 13. Nd2 Nb4 14. 0-0 Nxc2 15. Rb1 e3 16. fxe3 Nxe3 17. Re1 Bf5 18. Rxe3 Bc5 19. Kf2 Bxe3+ 20. Kxe3 Bxb1 21. Nxb1 Rd1 22. Nd2 Rxc1 23. Nf4 Kf7 24. Nd3 Re8+ 25. Kd4 c5+ 26. Kd5 Rd1 0-1

[Event "FICGS class C 000254 email"]
[Site "FICGS email"]
[Date "2017.01.14"]
[Round "1"]
[White "Cirulis, Ilmars"]
[Black "Drozdovas, Arturas"]
[Result "0-1"]
[WhiteElo "1923"]
[BlackElo "2091"]
[PlyCount "88"]
[EventDate "2017.??.??"]
[EventType "tourn (corr)"]
[EventRounds "1"]
[SourceTitle "Corr 2022"]
[Source "ChessBase"]
[SourceDate "2021.10.24"]
[SourceVersion "1"]
[SourceVersionDate "2021.10.24"]
[SourceQuality "1"]

1. b4 e5 2. a3 d5 3. Bb2 Nd7 4. e3 a5 5. b5 Ngf6 6. d4 e4 7. Nd2 Nb6 8. c4 dxc4 9. Ne2 Be6 10. Qc2 Bd6 11. g3 Qd7 12. Bg2 Qxb5 13. Nc3 Qh5 14. 0-0 0-0 15. Ncxe4 Nxe4 16. Bxe4 c6 17. Bf3 Qg6 18. e4 h5 19. Bg2 h4 20. Rab1 Ra6 21. Rfe1 Be7 22. Bc1 Rd8 23. Nf3 Bf6 24. Bd2 h3 25. Bf1 Qh5 26. Re3 c5 27. dxc5 Qxc5 28. e5 Be7 29. Rc3 Qc8 30. Re1 Bf5 31. Qc1 Rd5 32. Bg5 Bf8 33. Qf4 Qd7 34. Bd8 Be6 35. Bxb6 Rxb6 36. Rxc4 Bc5 37. Rec1 Rc6 38. a4 Rd1 39. Rxc5 Rxc5 40. Rxc5 Qd3 41. Nd2 b6 42. Rc6 Rxf1+ 43. Nxf1 Qd5 44. f3 Qxc6 0-1

[Event "FICGS class C 000254 email"]
[Site "FICGS email"]
[Date "2017.01.14"]
[Round "1"]
[White "Drozdovas, Arturas"]
[Black "Mitrea, Sorin Ioachim"]
[Result "1/2-1/2"]
[WhiteElo "2091"]
[BlackElo "2000"]
[PlyCount "76"]
[EventDate "2017.??.??"]
[EventType "tourn (corr)"]
[EventRounds "1"]
[SourceTitle "Corr 2022"]
[Source "ChessBase"]
[SourceDate "2021.10.24"]
[SourceVersion "1"]
[SourceVersionDate "2021.10.24"]
[SourceQuality "1"]

1. d4 Nf6 2. c4 e6 3. Nf3 b6 4. g3 Bb7 5. Bg2 Be7 6. 0-0 0-0 7. Nc3 Ne4 8. Bd2 d5 9. cxd5 exd5 10. Rc1 Nd7 11. Qb3 Nxc3 12. Qxc3 c5 13. Qc2 Rc8 14. Bc3 Re8 15. Rfe1 c4 16. Ne5 Rc7 17. Nxd7 Qxd7 18. e4 dxe4 19. Bxe4 Bxe4 20. Rxe4 Bf8 21. Rxe8 Qxe8 22. d5 b5 23. a3 f6 24. Qf5 Qd7 25. Qf3 Rc8 26. Ba5 Re8 27. Re1 Rxe1+ 28. Bxe1 a6 29. Bc3 Be7 30. g4 Kf7 31. h4 g6 32. h5 f5 33. hxg6+ Kxg6 34. Qh1 fxg4 35. Qe4+ Kh6 36. Qh1+ Kg6 37. Qe4+ Kh6 38. Qh1+ Kg6 1/2-1/2

[Event "FICGS class C 000254 email"]
[Site "FICGS email"]
[Date "2017.01.14"]
[Round "1"]
[White "Drozdovas, Arturas"]
[Black "Rodriguez Perez, Rene"]
[Result "1-0"]
[WhiteElo "2091"]
[BlackElo "1829"]
[PlyCount "77"]
[EventDate "2017.??.??"]
[EventType "tourn (corr)"]
[EventRounds "1"]
[SourceTitle "Corr 2022"]
[Source "ChessBase"]
[SourceDate "2021.10.24"]
[SourceVersion "1"]
[SourceVersionDate "2021.10.24"]
[SourceQuality "1"]

1. d4 d5 2. c4 e6 3. Nc3 Nf6 4. cxd5 exd5 5. Bg5 Nbd7 6. e3 Be7 7. Bd3 0-0 8. Nf3 c6 9. Qc2 Re8 10. 0-0 Nf8 11. Rac1 Bd6 12. h3 Ng6 13. Rfe1 h6 14. Bxf6 Qxf6 15. e4 Nh4 16. Nxh4 Qxh4 17. e5 Bb4 18. Rcd1 Be6 19. Rf1 Ba5 20. f4 Bb6 21. Kh2 Rf8 22. Na4 Kh8 23. Nxb6 axb6 24. f5 Bd7 25. Qe2 Rfe8 26. Bb1 Bc8 27. g3 Qg5 28. Rf4 Rg8 29. Rh4 g6 30. e6 Bxe6 31. fxe6 Rae8 32. Re4 Rgf8 33. h4 Qe7 34. Re3 f5 35. h5 Rf6 36. hxg6 Rxe6 37. Rxe6 Qxe6 38. Qxe6 Rxe6 39. Bxf5 1-0

[Event "FICGS rapid A 000195 email"]
[Site "FICGS email"]
[Date "2016.11.07"]
[Round "1"]
[White "Reboredo, Daniel"]
[Black "Drozdovas, Arturas"]
[Result "0-1"]
[WhiteElo "1946"]
[BlackElo "2043"]
[PlyCount "70"]
[EventDate "2016.??.??"]
[EventType "tourn (rapid)"]
[EventRounds "6"]
[SourceTitle "Corr 2022"]
[Source "ChessBase"]
[SourceDate "2021.10.24"]
[SourceVersion "1"]
[SourceVersionDate "2021.10.24"]
[SourceQuality "1"]

1. e4 e5 2. Nf3 Nc6 3. Bb5 a6 4. Bxc6 dxc6 5. d4 exd4 6. Qxd4 Qxd4 7. Nxd4 Bd7 8. Nc3 0-0-0 9. Be3 c5 10. Nde2 Re8 11. 0-0 b6 12. f3 f5 13. Bf4 Ne7 14. Rad1 g6 15. Be5 Rg8 16. Rfe1 Bh6 17. Nf4 Nc6 18. Bxc7 Kxc7 19. Nfd5+ Kb7 20. Nf6 Bc8 21. Nxg8 Rxg8 22. exf5 Bxf5 23. Ne4 Kb8 24. Nf6 Rh8 25. c3 Bg5 26. Ne4 Bh4 27. g3 Be7 28. h4 Rf8 29. Kg2 h5 30. Nd6 Bxd6 31. Rxd6 Kc7 32. Rdd1 a5 33. b3 a4 34. Rd2 axb3 35. axb3 Rf6 0-1

[Event "FICGS rapid B 000245 email"]
[Site "FICGS email"]
[Date "2016.10.28"]
[Round "1"]
[White "Domingo Gadea, Jordi"]
[Black "Drozdovas, Arturas"]
[Result "1/2-1/2"]
[WhiteElo "1826"]
[BlackElo "1979"]
[PlyCount "36"]
[EventDate "2016.??.??"]
[EventType "tourn (rapid)"]
[EventRounds "6"]
[SourceTitle "Corr 2022"]
[Source "ChessBase"]
[SourceDate "2021.10.24"]
[SourceVersion "1"]
[SourceVersionDate "2021.10.24"]
[SourceQuality "1"]

1. e4 e5 2. Nf3 Nc6 3. Bc4 Bc5 4. c3 Nf6 5. d4 exd4 6. cxd4 Bb4+ 7. Bd2 Nxe4 8. Bxb4 Nxb4 9. Bxf7+ Kxf7 10. Qb3+ Kf8 11. Qxb4+ Qe7 12. Qxe7+ Kxe7 13. 0-0 Nf6 14. Re1+ Kd8 15. Nc3 d6 16. Ng5 Rf8 17. Re3 h6 18. Nge4 Nxe4 1/2-1/2

[Event "FICGS rapid B 000245 email"]
[Site "FICGS email"]
[Date "2016.10.28"]
[Round "1"]
[White "Drozdovas, Arturas"]
[Black "Duttagupta, Aniruddha"]
[Result "1-0"]
[WhiteElo "1979"]
[BlackElo "1875"]
[PlyCount "101"]
[EventDate "2016.??.??"]
[EventType "tourn (rapid)"]
[EventRounds "6"]
[SourceTitle "Corr 2022"]
[Source "ChessBase"]
[SourceDate "2021.10.24"]
[SourceVersion "1"]
[SourceVersionDate "2021.10.24"]
[SourceQuality "1"]

1. e4 c5 2. Nf3 d6 3. d4 cxd4 4. Nxd4 Nf6 5. Nc3 a6 6. Be3 e5 7. Nb3 Be6 8. Be2 Be7 9. Qd3 Nc6 10. 0-0 0-0 11. Rfd1 Rc8 12. a3 Na5 13. Nxa5 Qxa5 14. Nd5 Nxd5 15. exd5 Bd7 16. a4 Qd8 17. c4 f5 18. Qb3 f4 19. Bb6 Qe8 20. f3 Rf6 21. Bd3 Rh6 22. Be4 Qh5 23. h3 Bf5 24. Bxf5 Qxf5 25. Rac1 Rg6 26. Qc2 Qg5 27. Qe2 Qf5 28. Kh1 Bd8 29. Bxd8 Rxd8 30. a5 Qf7 31. Qe4 Qc7 32. b4 Rb8 33. Rc2 Rf6 34. c5 Rff8 35. Re1 Rfc8 36. Rec1 Re8 37. c6 g6 38. Kh2 Qe7 39. Rb2 b5 40. axb6 Rxb6 41. Ra1 Reb8 42. Qe2 Kg7 43. Rxa6 Rxb4 44. Rxb4 Rxb4 45. Ra1 Kh6 46. Qa2 Qd8 47. Rb1 Rxb1 48. Qxb1 Qa5 49. Qc1 Qc7 50. Qc4 g5 51. Qe4 1-0

[Event "FICGS rapid A 000193 email"]
[Site "FICGS email"]
[Date "2016.10.01"]
[Round "1"]
[White "Munoz Portugal, Guillermo"]
[Black "Drozdovas, Arturas"]
[Result "1/2-1/2"]
[WhiteElo "2063"]
[BlackElo "1979"]
[PlyCount "36"]
[EventDate "2016.??.??"]
[EventType "tourn (rapid)"]
[EventRounds "6"]
[SourceTitle "Corr 2022"]
[Source "ChessBase"]
[SourceDate "2021.10.24"]
[SourceVersion "1"]
[SourceVersionDate "2021.10.24"]
[SourceQuality "1"]

1. e4 e5 2. Nf3 Nc6 3. g3 Nf6 4. d3 Bc5 5. Bg2 d6 6. c3 a5 7. 0-0 0-0 8. Re1 h6 9. a4 Re8 10. Na3 Bg4 11. h3 Bd7 12. Be3 Bxe3 13. Rxe3 b6 14. d4 Nh7 15. Nc2 Ng5 16. Nxg5 hxg5 17. Re1 Qf6 18. Qd3 Qh6 1/2-1/2

[Event "FICGS rapid A 000193 email"]
[Site "FICGS email"]
[Date "2016.10.01"]
[Round "1"]
[White "Vasquez, Fernando Jose Pinto"]
[Black "Drozdovas, Arturas"]
[Result "1/2-1/2"]
[WhiteElo "1920"]
[BlackElo "1979"]
[PlyCount "72"]
[EventDate "2016.??.??"]
[EventType "tourn (rapid)"]
[EventRounds "6"]
[SourceTitle "Corr 2022"]
[Source "ChessBase"]
[SourceDate "2021.10.24"]
[SourceVersion "1"]
[SourceVersionDate "2021.10.24"]
[SourceQuality "1"]

1. e4 e5 2. Nf3 Nc6 3. d4 exd4 4. Nxd4 Nf6 5. Nxc6 bxc6 6. e5 Qe7 7. Qe2 Nd5 8. c4 Ba6 9. b3 g6 10. Bb2 Bg7 11. Nd2 Nb4 12. Nf3 c5 13. g3 0-0 14. Bg2 d5 15. 0-0 Rad8 16. a3 Nc6 17. Rfe1 dxc4 18. bxc4 Nd4 19. Qe4 f5 20. Qd3 Ne6 21. Qc2 Bb7 22. Rad1 f4 23. g4 Rxd1 24. Rxd1 Bc6 25. Qe2 Rb8 26. Rd3 a5 27. h3 a4 28. Kh2 Bh6 29. Ba1 Rb6 30. Qd1 Qf8 31. Bh1 Qa8 32. h4 Bf8 33. Nd2 Bxh1 34. Qxh1 Qxh1+ 35. Kxh1 Be7 36. g5 Kf7 1/2-1/2

[Event "FICGS rapid A 000192 email"]
[Site "FICGS email"]
[Date "2016.08.25"]
[Round "1"]
[White "Drozdovas, Arturas"]
[Black "Daanen, Aard"]
[Result "1/2-1/2"]
[WhiteElo "2000"]
[BlackElo "1972"]
[PlyCount "66"]
[EventDate "2016.??.??"]
[EventType "tourn (rapid)"]
[EventRounds "6"]
[SourceTitle "Corr 2022"]
[Source "ChessBase"]
[SourceDate "2021.10.24"]
[SourceVersion "1"]
[SourceVersionDate "2021.10.24"]
[SourceQuality "1"]

1. e4 e5 2. Nf3 Nf6 3. Nxe5 d6 4. Nf3 Nxe4 5. d4 d5 6. Bd3 Nc6 7. 0-0 Be7 8. Nbd2 Nxd2 9. Bxd2 Bg4 10. c3 0-0 11. h3 Bh5 12. Qe2 Qd6 13. Rae1 Rae8 14. Bf5 a6 15. g3 Qd8 16. Kg2 Bf6 17. Qd3 Bg6 18. h4 Rxe1 19. Nxe1 Re8 20. Bxg6 fxg6 21. Bf4 Qd7 22. Qd1 Nd8 23. Nd3 c6 24. Be5 Be7 25. Re1 Nf7 26. Qe2 Bf8 27. f3 b6 28. Nf2 Qc8 29. Qd1 a5 30. Nd3 Qd7 31. Bf4 Rxe1 32. Qxe1 a4 33. Qd1 b5 1/2-1/2

[Event "FICGS rapid A 000192 email"]
[Site "FICGS email"]
[Date "2016.08.25"]
[Round "1"]
[White "Drozdovas, Arturas"]
[Black "Pareschi, Remo"]
[Result "1-0"]
[WhiteElo "2000"]
[BlackElo "1966"]
[PlyCount "63"]
[EventDate "2016.??.??"]
[EventType "tourn (rapid)"]
[EventRounds "6"]
[SourceTitle "Corr 2022"]
[Source "ChessBase"]
[SourceDate "2021.10.24"]
[SourceVersion "1"]
[SourceVersionDate "2021.10.24"]
[SourceQuality "1"]

1. d4 a6 2. e4 e6 3. Bd3 d5 4. Nc3 Nf6 5. e5 Nfd7 6. Nce2 c5 7. c3 Be7 8. Nf3 c4 9. Bc2 Nc6 10. Qd2 b5 11. Qf4 b4 12. Qg4 Kf8 13. Nf4 Qa5 14. 0-0 g6 15. Bd2 bxc3 16. bxc3 Rb8 17. a4 Rb2 18. Rfc1 Ke8 19. Qh3 Nd8 20. Rab1 Ra2 21. Nxg6 fxg6 22. Bxg6+ hxg6 23. Qxh8+ Nf8 24. Qg8 Nf7 25. h4 Qc7 26. g4 Ba3 27. Rd1 Bd7 28. h5 g5 29. Nxg5 Nxg5 30. Bxg5 Bxa4 31. Bh6 Bxd1 32. Bxf8 1-0

[Event "FICGS class C 000245 email"]
[Site "FICGS email"]
[Date "2016.08.05"]
[Round "1"]
[White "Drozdovas, Arturas"]
[Black "Cirulis, Ilmars"]
[Result "1-0"]
[WhiteElo "2000"]
[BlackElo "1973"]
[PlyCount "83"]
[EventDate "2016.??.??"]
[EventType "tourn (corr)"]
[EventRounds "1"]
[SourceTitle "Corr 2022"]
[Source "ChessBase"]
[SourceDate "2021.10.24"]
[SourceVersion "1"]
[SourceVersionDate "2021.10.24"]
[SourceQuality "1"]

1. e4 a6 2. d4 e6 3. Nf3 d5 4. Nc3 Nf6 5. Bd3 c5 6. 0-0 c4 7. Be2 Bb4 8. exd5 exd5 9. Bg5 Bxc3 10. bxc3 Qd6 11. Nd2 0-0 12. Bf3 Ne8 13. Re1 Nc6 14. Nf1 h6 15. Bc1 Nf6 16. a4 Qc7 17. Ba3 Rd8 18. Ng3 b6 19. Nh5 Nxh5 20. Bxh5 Bf5 21. Bf3 b5 22. axb5 axb5 23. Bc5 Rxa1 24. Qxa1 Bxc2 25. Qb2 Ba4 26. h3 Qf4 27. Re3 g6 28. Qa3 Kg7 29. g3 Qf5 30. Bb6 Ra8 31. Kg2 b4 32. cxb4 Ra6 33. Bc5 Bb5 34. Qc1 Ra8 35. Re1 Rd8 36. h4 Qf6 37. h5 Qf5 38. hxg6 fxg6 39. Bd1 Qg5 40. Qb1 Qf6 41. Bg4 h5 42. Bh3 1-0

[Event "FICGS class C 000245 email"]
[Site "FICGS email"]
[Date "2016.08.05"]
[Round "1"]
[White "Drozdovas, Arturas"]
[Black "Duenas, Alexis"]
[Result "1-0"]
[WhiteElo "2000"]
[BlackElo "1882"]
[PlyCount "39"]
[EventDate "2016.??.??"]
[EventType "tourn (corr)"]
[EventRounds "1"]
[SourceTitle "Corr 2022"]
[Source "ChessBase"]
[SourceDate "2021.10.24"]
[SourceVersion "1"]
[SourceVersionDate "2021.10.24"]
[SourceQuality "1"]

1. e4 c5 2. Nc3 Nc6 3. Nge2 g6 4. d4 cxd4 5. Nxd4 Bg7 6. Be3 Nf6 7. Bc4 0-0 8. Bb3 d6 9. f3 a6 10. Qd2 Na5 11. h4 h5 12. 0-0-0 Re8 13. Kb1 b5 14. Nd5 Bb7 15. Nxf6+ Bxf6 16. Rhg1 e5 17. Ne2 Nxb3 18. axb3 a5 19. g4 hxg4 20. h5 1-0

[Event "FICGS rapid A 000191 email"]
[Site "FICGS email"]
[Date "2016.08.05"]
[Round "1"]
[White "Drozdovas, Arturas"]
[Black "Velasco, Maria Jose"]
[Result "1/2-1/2"]
[WhiteElo "2000"]
[BlackElo "1999"]
[PlyCount "41"]
[EventDate "2016.??.??"]
[EventType "tourn (rapid)"]
[EventRounds "6"]
[SourceTitle "Corr 2022"]
[Source "ChessBase"]
[SourceDate "2021.10.24"]
[SourceVersion "1"]
[SourceVersionDate "2021.10.24"]
[SourceQuality "1"]

1. e4 e5 2. Bc4 Nf6 3. d3 Nc6 4. Nf3 Bc5 5. a4 0-0 6. Bg5 h6 7. Bh4 g5 8. Bg3 d6 9. 0-0 a6 10. Nbd2 Rb8 11. c3 b5 12. axb5 axb5 13. Bb3 Bb6 14. Re1 Be6 15. Nf1 Nh5 16. h3 Qf6 17. Bd5 Nxg3 18. Nxg3 Ne7 19. d4 Nxd5 20. exd5 Bxd5 21. Nh5 1/2-1/2